000 00341 a2200157 4500
001 59116
020 _a8570565968
040 _cAnchieta - Pituba
100 _aLopes, Carlos Herculano
240 1 0 _aSombras de Julho
_lpor
245 1 0 _aSombras de Julho
300 _a112
362 0 _a1994
650 4 _aFicção brasileira
942 _cBK
999 _c59116
_d59116